A practical guide for policy analysis : the eightfold path to more effective problem solving. (4th ed.) (Record no. 54244)

MARC details
000 -LEADER
fixed length control field 00951nam a2200241 a 4500
001 - CONTROL NUMBER
control field 16902358
008 - FIXED-LENGTH DATA ELEMENTS--GENERAL INFORMATION
fixed length control field 161111s2012 ||||||||||||||||| || u
010 ## - LIBRARY OF CONGRESS CONTROL NUMBER
LC control number 2011032521
020 ## - INTERNATIONAL STANDARD BOOK NUMBER
International Standard Book Number 9781608718429 (pbk. : alk. paper)
020 ## - INTERNATIONAL STANDARD BOOK NUMBER
International Standard Book Number 1608718425 (pbk. : alk. paper)
050 ## - LIBRARY OF CONGRESS CALL NUMBER
Classification number H 97 Bar
100 ## - MAIN ENTRY--PERSONAL NAME
Personal name Bardach, Eugene
245 12 - TITLE STATEMENT
Title A practical guide for policy analysis : the eightfold path to more effective problem solving. (4th ed.)
Statement of responsibility, etc. Eugene Bardach.
250 ## - EDITION STATEMENT
Edition statement 4th ed.
260 ## - PUBLICATION, DISTRIBUTION, ETC.
Place of publication, distribution, etc. Los Angeles : Thousand Oaks
Name of publisher, distributor, etc. CQ Press
Date of publication, distribution, etc. 2012
260 ## - PUBLICATION, DISTRIBUTION, ETC.
Place of publication, distribution, etc. Los Angeles : Thousand Oaks
Name of publisher, distributor, etc. SAGE Publications
Date of publication, distribution, etc. 2012
300 ## - PHYSICAL DESCRIPTION
Extent xx, 180 p. : ill.
500 ## - GENERAL NOTE
General note Includes bibliographical references and index.
650 #0 - SUBJECT ADDED ENTRY--TOPICAL TERM
Topical term or geographic name entry element PROBLEM SOLVING
650 #0 - SUBJECT ADDED ENTRY--TOPICAL TERM
Topical term or geographic name entry element POLICY SCIENCES
650 #0 - SUBJECT ADDED ENTRY--TOPICAL TERM
Topical term or geographic name entry element DECISION MAKING
995 ## - RECOMMENDATION 995 [LOCAL, UNIMARC FRANCE]
-- CBU-MAIN LIBRARY (Kitwe)
-- 1
-- AVAILABLE
-- Nov 11, 2016
-- Main Library Open Access Collection
Holdings
Withdrawn status Lost status Source of classification or shelving scheme Damaged status Not for loan Home library Current library Shelving location Date acquired Total Checkouts Full call number Barcode Date last seen Price effective from Koha item type
          CBU-MAIN LIBRARY, KITWE. CBU-MAIN LIBRARY, KITWE.   11/30/2022   H 97 Bar 747058 11/30/2022 11/30/2022 MONOGRAPH